UBT Library

An introduction to scientific reasoning in geography / (Record no. 43878)

000 -LEADER
fixed length control field 00617cam a2200217 i 4500
001 - CONTROL NUMBER
control field 2214901
005 - DATE AND TIME OF LATEST TRANSACTION
control field 20180301085307.0
008 - FIXED-LENGTH DATA ELEMENTS--GENERAL INFORMATION
fixed length control field 750117s1975 nyua b 001 0 eng
010 ## - LIBRARY OF CONGRESS CONTROL NUMBER
LC control number 75001411
020 ## - INTERNATIONAL STANDARD BOOK NUMBER
International Standard Book Number 0471025372
040 ## - CATALOGING SOURCE
Original cataloging agency DLC
Transcribing agency DLC
Modifying agency DLC
041 ## - LANGUAGE CODE
Language code of text/sound track or separate title eng
080 ## - UNIVERSAL DECIMAL CLASSIFICATION NUMBER
Universal Decimal Classification number 910.7 AME
082 00 - DEWEY DECIMAL CLASSIFICATION NUMBER
Classification number 910.7 AME
100 1# - Rafti
Rafti 43
101 ## - Shkurtesa
Shkurtesa GEO
245 13 - TITLE STATEMENT
Title An introduction to scientific reasoning in geography /
Statement of responsibility, etc Douglas Amedeo and Reginald G. Golledge.
504 ## - BIBLIOGRAPHY, ETC. NOTE
Bibliography, etc Includes bibliographical references and indexes.
906 ## - LOCAL DATA ELEMENT F, LDF (RLIN)
a 7
b cbc
c orignew
d 1
e ocip
f 19
g y-gencatlg
942 ## - ADDED ENTRY ELEMENTS (KOHA)
Source of classification or shelving scheme
Item type Books
Holdings
Withdrawn status Lost status Source of classification or shelving scheme Damaged status Not for loan Collection code Permanent location Current location Shelving location Date acquired Total Checkouts Full call number Barcode Date last seen Price effective from Koha item type
          Koleksioni i përgjithshem UBT - Lipjan UBT - Lipjan Koleksioni i përgjithshem 03/01/2018   910.7 AME 002-3000460 03/01/2018 03/01/2018 Books
UBT Library © 2015-2024. All rights reserved University Education for Business and Technology